00605nam a2200205Ia 4500008004100000050001300041050001500054100002300069245008500092245002200177260003100199260001000230260001000240300001600250300002000266300001100286500005600297521002700353999001900380170504s9999 xx 000 0 und d aQA 76.5  b.B328 2016 aBataque, Roy Leal. aAutomated inventory system of science laboratories for south seed lpdh college / cRoy Leal Bataque. aLas Piñas, Philippines : bSISC, c2016. a110 pages : billustrations ; c28 cm. aIncludes bibliographical references and appendices. aInformation Technology c329757d329757